| 000 | 01229nam a2200337 i 4500 | ||
|---|---|---|---|
| 003 | CO-BoRNBP | ||
| 005 | 20250604154730.0 | ||
| 007 | ta | ||
| 008 | 141031s2007 ck a br 000 jdspa d | ||
| 020 | _a9789583007231 | ||
| 040 |
_aCO-BoRNBP _bspa _erda _cCO-BoRNBP |
||
| 041 | 0 | _aspa | |
| 043 | _as-ck--- | ||
| 084 | _aC ESC1 | ||
| 100 | 1 |
_aEscobar Giraldo, Octavio, _d1962- _eautor _92542 |
|
| 245 | 1 | 4 |
_aLas láminas más difíciles del álbum _cOctavio Escobar Giraldo ; ilustrado por Giovanni Cabrera |
| 250 | _aPrimera edición | ||
| 264 | 1 |
_aBogotá, Colombia _bPanamericana Editorial _c2007 |
|
| 300 |
_a78 páginas _bilustraciones a color _c23 cm |
||
| 336 |
_atexto _btxt _2rdacontent |
||
| 337 |
_asin mediación _bn _2rdamedia |
||
| 338 |
_avolumen _bnc _2rdacarrier |
||
| 500 | _aIncluye datos biográficos del autor en la solapa | ||
| 521 | 1 | _aRecomendado para un público infantil mayor de 8 años. | |
| 650 | 0 | 0 |
_aInfancia en la literatura _2LEMB _959537 |
| 650 | 0 | 0 |
_aLiteratura infantil colombiana _ySiglo XX _2LEMB _9364 |
| 650 | 0 | 0 |
_aCuentos infantiles colombianos _ySiglo XX _2LEMB _92372 |
| 650 | 0 | 0 |
_aAutores colombianos _2LEMB _932 |
| 700 | 1 |
_aCabrera, Giovanni _eilustrador _959538 |
|
| 942 |
_2loc _cBKLITI |
||
| 999 |
_c57131 _d57131 |
||